| 000 | 00981cam a2200205 4500 | ||
|---|---|---|---|
| 001 | WB3831-26 | ||
| 008 | 020828n2002 000 0 eng u | ||
| 035 | _a(Sirsi) u119446 | ||
| 245 | _aRent restructuring changes ruled out | ||
| 260 | _c2002 | ||
| 490 |
_aInside Housing _v23 August 2002, 3(1) |
||
| 520 | _aResearch carried out by the universities of Birmingham and Bristol for the ODPM has forced government to rule out major changes to rent restructuring. The research examined the impact of rent restructuring on registered social landlords (RSLs) and tenants and found that the regime could result in divergence in London and the south east. "Modelling the impact of rent restructuring: a case study analysis" available at www.housing.odpm.gov.uk/hrs/hrs164/index.htm | ||
| 590 | _aWB | ||
| 650 | _aRENT RESTRUCTURING | ||
| 650 | _aREGISTERED SOCIAL LANDLORDS | ||
| 650 | _aSOCIAL HOUSING | ||
| 650 | _aRSLS | ||
| 690 |
_aAffordable housing _96215 |
||
| 942 | _n0 | ||
| 999 |
_c71018 _d71018 |
||